=LDR 00000nam 2200000 4500 =001 INLIS000000000027022 =005 20130612125429 =008 ***********************************Ind** =035 ##$$0010-061300000027022 =041 ##$$a Ind =082 ##$$a 92(Hitler) =090 ##$$a 92(Hitler), Pam t =100 ##$$a Pambudi, Agustinus =245 ##$$a The death of adolf Hitler = kematian Adolf Hitler, Agustinus Pambudi =260 ##$$a 2006 $b Yogyakarta =300 ##$$a 192 hlm, ilus, 21 cm =650 ##$$a Hitler-Biografi =850 ##$$a NBPNMAT =990 ##$$a 21195525/BPAP-NTB/2014 =990 ##$$a 0001/BPAP-NTB/2016